000 00597nam a2200205Ia 4500
005 20250508165328.0
008 008 250505s9999 xx 000 0 eng d
020 _a978-0-415-52899-3
037 _aReference
040 _aFEDL
_beng
_cFEDL
041 _aeng
_2eng
084 _a370.115, APP/RR
_qFEDL
100 _aApple Michael W
245 0 _aKnowledge, power and education: The selected works of Michael W Apple
260 _aLondon, UK
_bRoutledge
_c2013
300 _aix, 286p.
365 _aGBP
_b97
942 _cREF
_h370.115, APP/RR
999 _c1394490
_d1394490